000 00620nam a2200217 i 4500
001 41218
003 ES-MaACL
005 20230906160408.0
007 t|
008 030310s1978 sp ||||1| spa d
100 1 _aCarande, Ramón.
_934952
245 1 0 _aOtros siete estudios de Historia de España /
_cRamón Carande.
250 _a1ª ed.
260 _aBarcelona, etc. :
_bAriel,
_c1978.
300 _a349 p. ;
_c18 cm.
490 1 _aAriel quincenal ;
_v132
830 0 _aAriel quincenal ;
_v132
_9180806
852 _aES-MaACL
_jA-8755
_bR.97476
852 _aES-MaACL
_jA-8772
_bR.98096
999 _c41218
_d41218